000 00533nam a22001697a 4500
005 20251218170640.0
008 251218b |||||||| |||| 00| 0 eng d
020 _a9788172868635
040 _cVITAP
082 _223rd Ed.
_a509.2 CHA
100 _aChandrahas, K.
_916788
245 _aThe People's Scientist
_b: A Biography of Dr. Y. Nayudamma
_c/ K. Chandrahas
260 _aBengaluru
_bPrism Books Pvt. Ltd.
_c2015
300 _axiii, 168p. : ill. ; 22cm
650 0 _aScientists; India; Nayudamma, Y
_916789
942 _2ddc
_cREF
999 _c47127
_d47127